000 00275 a2200109 4500
001 127402
020 _a9788573024494
040 _cEscola Canadense de Niteroi
100 _aMachado, Ana Maria
245 1 0 _aComo e por que Ler os Clássicos Universais desde cedo
942 _cBK
999 _c127402
_d127402